| 000 | 00350nam a2200133Ia 4500 | ||
|---|---|---|---|
| 005 | 20260328101459.0 | ||
| 008 | 260328s9999||||xx |||||||||||||| ||und|| | ||
| 100 | _aBoesiger, Willy | ||
| 245 | 0 |
_aLe Corbusier : _b Obra completa - Vol. 6 (1952-1957) / _cWilly Boesiger |
|
| 260 | _bGirsberger | ||
| 300 | _a223 p. | ||
| 650 | _aARQUITECTOS | ||
| 942 | _cBK | ||
| 999 |
_c8910 _d8910 |
||